| 000 | 00556nam a2200193Ia 4500 | ||
|---|---|---|---|
| 003 | GCL | ||
| 008 | 140319s9999 xx 000 0 eng d | ||
| 040 |
_aGCL / _cGCL |
||
| 082 | 0 | 4 |
_a709.6 _bP A |
| 100 | 1 | _aPERLINE, DIANA M | |
| 245 | 1 | 0 |
_aAFFINITIES OF FORM: ARTS OF AFRICA, OCEANIA AND THE AMERICANS FROM THE RAYMOND AND LAURA WIELGUS COLLECTION / _cPERLINE, DIANA M |
| 260 |
_a[S.N] : _bPERSTEL ، _c1996 |
||
| 300 | _a231 P | ||
| 650 | 0 | 4 | _aARTS |
| 650 | 0 | 4 | _aART, AMERICAN |
| 650 | 0 | 4 | _aART, AFRICA |
| 650 | 0 | 4 | _aART - OCEANIA |
| 942 |
_2ddc _cBK |
||
| 999 |
_c15024 _d15024 |
||